000
00316nam a2200133Ia 4500
005
20260326100039.0
008
260326s9999||||xx |||||||||||||| ||und||
100
_a
Havel, J. E.
245
0
_a
Habitat y Vivienda /
_c
J. E. Havel
260
_b
EUDEBA
300
_a
133 p.
650
_a
ARQUITECTURA-GENERAL
942
_c
BK
999
_c
6949
_d
6949